• 首页
  • 本馆介绍
  • 公告通知
  • 最新文献
  • 馆藏检索
  • 电子资源
  • 读者导购
  • 参考咨询
  • 我的图书馆
  • 登录
  • 详细信息显示
  • 放入我的书架
  • 预约/预借图书
  • 作者相关作品
  • 分类相关作品
  • 丛书相关作品
  • 出版社相关作品

书目信息

  • 表格格式
  • 工作单格式
  • 卡片格式
题名:
软件项目开发与管理研究
    
 
作者: 孙挺 , 汪文彬 , 王中华 主编
分册:  
出版信息: 北京   中国水利水电出版社  2014
页数: 392页
开本: 26cm
丛书名:
单 册:
中图分类: F490.6 , TP311.52
科图分类:
主题词: 软件开发--项目管理--研究
电子资源:
ISBN: 978-7-5170-2191-9
000 00964nam0 2200265 450
001 012015000301
005 20150914150921.09
010    @a978-7-5170-2191-9@dCNY82.00
100    @a20150310d2014 em y0chiy50 ea
101 0  @achi
102    @aCN@b110000
105    @ay z 000yy
106    @ar
200 1  @a软件项目开发与管理研究@Aruan jian xiang mu kai fa yu guan li yan jiu@f孙挺,汪文彬,王中华主编
210    @a北京@c中国水利水电出版社@d2014
215    @a392页@d26cm
330    @a本书以软件项目开发与管理为出发点,分别从不同角度对软件项目的具体管理进行了探讨,内容涉及软件项目的可行性及需求分析、软件工程标准、软件开发环境、进度控制、成本管理等。
606 0  @a软件开发@x项目管理@x研究
690    @aF490.6@v5
690    @aTP311.52@v5
701  0 @a孙挺@Asun ting@f(1972-)@4主编
701  0 @a汪文彬@Awang wen bin@f(1969-)@4主编
701  0 @a王中华@Awang zhong hua@f(1976-)@4主编
801  0 @aCN@b碧洲教育@c20150716
905    @a10447@f4@dF490.6@e1
    
    软件项目开发与管理研究/孙挺,汪文彬,王中华主编.-北京:中国水利水电出版社,2014
    392页;26cm
    
    
    ISBN 978-7-5170-2191-9:CNY82.00
    本书以软件项目开发与管理为出发点,分别从不同角度对软件项目的具体管理进行了探讨,内容涉及软件项目的可行性及需求分析、软件工程标准、软件开发环境、进度控制、成本管理等。
●
相关链接 在E读中查询图书 在五车中查询图书 在当当中查询图书 在豆瓣中查询图书


正题名:软件项目开发与管理研究     索取号:F490.6/1         预约/预借

序号 登录号 条形码 馆藏地/架位号 状态 备注
1 0849836   208498366   第一样本阅览室/ [索取号:F490.6/1] 在馆    
2 0849837   208498375   第一借阅区/ [索取号:F490.6/1] 在馆    
3 0849838   208498384   第一借阅区/ [索取号:F490.6/1] 在馆    
4 0849839   208498393   第一借阅区/ [索取号:F490.6/1] 在馆    
唐山师范学院图书馆 欢迎您!
大连网信软件有限公司© 版权所有